Champions de France depuis 2000 sans domination nationale - Statistiques

Statistiques générales
  • Ce quiz a été pris 84 fois
  • Le résultat moyen est 8 sur 9
Statistiques - réponses
Club % Correct
LOSC
100%
AS Monaco
99%
Olympique de Marseille
99%
Girondins de Bordeaux
96%
RC Lens
96%
FC Nantes
93%
Montpellier HSC
88%
Olympique Lyonnais
80%
Paris Saint-Germain
64%
Aucun quiz correspondant
Distribution des résultats
% des personnes avec chaque résultat
Percentile par nombre de réponses
Votre historique - résultats
Vous n’avez pas pris ce quiz